|
|
|
|
| LEADER |
00000cam a22000004a 4500 |
| 001 |
musev2_40897 |
| 003 |
MdBmJHUP |
| 005 |
20230905044304.0 |
| 006 |
m o d |
| 007 |
cr||||||||nn|n |
| 008 |
150403t20152015dcu o 00 0 eng d |
| 020 |
|
|
|a 9780813227283
|
| 020 |
|
|
|z 9780813227276
|
| 035 |
|
|
|a (OCoLC)914027706
|
| 040 |
|
|
|a MdBmJHUP
|c MdBmJHUP
|
| 041 |
1 |
|
|a ger
|h eng
|
| 100 |
1 |
|
|a Koller, Christian,
|d 1971-
|e author.
|
| 240 |
1 |
0 |
|a Goal! Kulture- und Sozialgeschichte des mordernen Fussballs.
|l English
|
| 245 |
1 |
0 |
|a Goal! :
|b A Cultural and Social History of Modern Football /
|c Christan Koller and Fabian Braendle ; translated by David S. Bachrach.
|
| 264 |
|
1 |
|a Washington, D.C. :
|b The Catholic University of America Press,
|c [2015]
|
| 264 |
|
3 |
|a Baltimore, Md. :
|b Project MUSE,
|c 2015
|
| 264 |
|
4 |
|c ©[2015]
|
| 300 |
|
|
|a 1 online resource.
|
| 336 |
|
|
|a text
|b txt
|2 rdacontent
|
| 337 |
|
|
|a computer
|b c
|2 rdamedia
|
| 338 |
|
|
|a online resource
|b cr
|2 rdacarrier
|
| 500 |
|
|
|a "Originally published as Goal! Kulture- und Sozialgeschichte des modernen Fussballs. Orell Fuessli 2002"--Title page verso.
|
| 505 |
0 |
|
|a Preface to the English edition -- Introduction -- A game for the elite -- The people's game -- Football and money -- Football and emotion -- Football and the nation -- Football and class struggle -- Football and dictatorship -- Football and war -- Football and gender -- Conclusion: autonomy and context.
|
| 588 |
|
|
|a Description based on print version record.
|
| 650 |
|
7 |
|a Soccer
|x Social aspects.
|2 fast
|0 (OCoLC)fst01122161
|
| 650 |
|
7 |
|a Soccer fans.
|2 fast
|0 (OCoLC)fst01122177
|
| 650 |
|
7 |
|a TRAVEL
|x Special Interest
|x Sports.
|2 bisacsh
|
| 650 |
|
7 |
|a SPORTS & RECREATION
|x Reference.
|2 bisacsh
|
| 650 |
|
7 |
|a SPORTS & RECREATION
|x History.
|2 bisacsh
|
| 650 |
|
7 |
|a SPORTS & RECREATION
|x Essays.
|2 bisacsh
|
| 650 |
|
7 |
|a SPORTS & RECREATION
|x Business Aspects.
|2 bisacsh
|
| 650 |
|
7 |
|a GAMES
|x Gambling
|x Sports.
|2 bisacsh
|
| 650 |
|
7 |
|a SPORTS & RECREATION
|x Soccer.
|2 bisacsh
|
| 650 |
|
0 |
|a Soccer
|x Social aspects.
|
| 650 |
|
0 |
|a Soccer fans.
|
| 655 |
|
7 |
|a Electronic books.
|2 local
|
| 700 |
1 |
|
|a Bachrach, David S.,
|d 1971-
|e translator.
|
| 700 |
1 |
|
|a Brändle, Fabian,
|e author.
|
| 710 |
2 |
|
|a Project Muse.
|e distributor
|
| 830 |
|
0 |
|a Book collections on Project MUSE.
|
| 856 |
4 |
0 |
|z Texto completo
|u https://projectmuse.uam.elogim.com/book/40897/
|
| 945 |
|
|
|a Project MUSE - Custom Collection
|
| 945 |
|
|
|a Project MUSE - 2015 History
|
| 945 |
|
|
|a Project MUSE - 2015 Complete
|